000 00276 a2200121 4500
999 _c321821
_d321821
001 86748
003 NUST
005 20180123112928.0
008 180123b xxu||||| |||| 00| 0 eng d
082 _a891.4393 BAS
100 _aAhmed Bashir
_99605
245 _aDil Batkay Ga
_hUrdu
260 _aKarachi
_bFeroz Sons
_c2003
300 _a890p.
942 _aCAE NUST
_cBK
_k891.4393 BAS
_2ddc